Tục ngữ Việt Nam

Uloženo v:
Podrobná bibliografie
Hlavní autor: Chu Xuân Diên
Médium: Kniha
Jazyk:Undetermined
Vydáno: Hà Nội KHXH 1975
Témata:
Tagy: Přidat tag
Žádné tagy, Buďte první, kdo otaguje tento záznam!
Thư viện lưu trữ: Trung tâm Học liệu Trường Đại học Cần Thơ
LEADER 00495nam a2200169Ia 4500
001 CTU_8081
008 210402s9999 xx 000 0 und d
082 |a 398.9495 
082 |b D305t 
100 |a Chu Xuân Diên 
245 0 |a Tục ngữ Việt Nam 
245 0 |c Chu Xuân Diên, Lương Văn Đang, Phương Tri 
260 |a Hà Nội 
260 |b KHXH 
260 |c 1975 
650 |a folk literature, vietnamese 
980 |a Trung tâm Học liệu Trường Đại học Cần Thơ